LIBRARY & INFORMATION CENTRE, KCAET, TAVANUR

ONLINE PUBLIC ACCESS CATALOGUE (OPAC)

Normal view MARC view
  • ,

Entry Personal Name

Number of records used in: 1

001 - CONTROL NUMBER

  • control field: 7862

003 - CONTROL NUMBER IDENTIFIER

  • control field: OSt

005 - DATE AND TIME OF LATEST TRANSACTION

  • control field: 20260213113143.0

008 - FIXED-LENGTH DATA ELEMENTS

  • fixed length control field: 260213|| aca||aabn | a|a d

040 ## - CATALOGING SOURCE

  • Original cataloging agency: OSt
  • Transcribing agency: OSt

100 ## - HEADING--PERSONAL NAME

  • Personal name: ,

670 ## - SOURCE DATA FOUND

  • Source citation: Work cat.: (OSt)383: ., Poverty : The global challenge for governments, industry, scientist and civil society / , 2001.
free website counter